Field guide to linear systems in optics /
Linear systems is a broad and important area in many scientific and engineering disciplines, and it is especially important in optics because it forms the basis for Fourier optics, diffraction theory, image-quality assessment, and many other areas. This Field Guide provides the practicing optical en...
| Main Authors: | , |
|---|---|
| Format: | eBook |
| Language: | English |
| Published: |
Bellingham, Washington (1000 20th St. Bellingham WA 98225-6705 USA) :
SPIE,
2015.
|
| Series: | SPIE Digital Library.
SPIE field guides ; FG35. |
| Subjects: | |
| Online Access: | Connect to the full text of this electronic book |
MARC
| Tag | First Indicator | Second Indicator | Subfields |
|---|---|---|---|
| LEADER | 00000cam a2200000 i 4500 | ||
| 001 | in00003720002 | ||
| 005 | 20210308104919.0 | ||
| 006 | m eo d | ||
| 007 | cr bn |||m|||a | ||
| 008 | 141217s2015 waua ob 000 0 eng d | ||
| 010 | |z 2014037575 | ||
| 020 | |a 9781628415483 |q electronic | ||
| 020 | |z 9781628415476 |q print | ||
| 024 | 7 | |a 10.1117/3.1002932 |2 doi | |
| 035 | |a (CaBNVSL)gtp00561485 | ||
| 035 | |a (OCoLC)898297953 | ||
| 035 | |a (SPIE)9781628415483 | ||
| 035 | |a 5311591 | ||
| 040 | |a CaBNVSL |b eng |e rda |c CaBNVSL |d CaBNVSL |d UtOrBLW | ||
| 050 | 4 | |a QC355.3 |b .T96 2015eb | |
| 082 | 0 | 4 | |a 535 |2 23 |
| 100 | 1 | |a Tyo, J. Scott, |e author. |0 http://id.loc.gov/authorities/names/no2006053515 | |
| 245 | 1 | 0 | |a Field guide to linear systems in optics / |c J. Scott Tyo, Andrey S. Alenin. |
| 246 | 3 | 0 | |a Linear systems in optics. |
| 264 | 1 | |a Bellingham, Washington (1000 20th St. Bellingham WA 98225-6705 USA) : |b SPIE, |c 2015. | |
| 300 | |a 1 online resource (xi, 102 pages) : |b illustrations. | ||
| 336 | |a still image |b sti |2 rdacontent | ||
| 336 | |a text |b txt |2 rdacontent | ||
| 338 | |a online resource |b cr |2 rdacarrier | ||
| 490 | 1 | |a SPIE field guides ; |v FG35 | |
| 500 | |a "SPIE Digital Library."--Website. | ||
| 504 | |a Includes bibliographical references. | ||
| 505 | 0 | |a Glossary -- Mathematical background and notation -- Fourier analysis -- Linear shift invariant systems -- Sampling, discrete systems, and the DFT -- Signal and image processing -- Propagation of optical fields -- Image-forming systems -- Applications of linear systems and Fourier analysis -- Fourier transform tables -- Equation summary -- Bibliography. | |
| 506 | |a Restricted to subscribers or individual electronic text purchasers. | ||
| 520 | |a Linear systems is a broad and important area in many scientific and engineering disciplines, and it is especially important in optics because it forms the basis for Fourier optics, diffraction theory, image-quality assessment, and many other areas. This Field Guide provides the practicing optical engineer with a reference for the basic concepts and techniques of linear systems, including Fourier series, continuous and discrete Fourier transforms, convolution, sampling and aliasing, and MTF/PSF using the language, notation, and applications from optics, imaging, and diffraction. | ||
| 530 | |a Also available in print version. | ||
| 538 | |a Mode of access: World Wide Web. | ||
| 538 | |a System requirements: Adobe Acrobat Reader. | ||
| 588 | |a Title from PDF title page (SPIE eBooks Website, viewed 2014-12-17). | ||
| 650 | 0 | |a Fourier transformations. |0 http://id.loc.gov/authorities/subjects/sh85051094 | |
| 650 | 0 | |a Linear systems |v Handbooks, manuals, etc. | |
| 650 | 0 | |a Optics. |0 http://id.loc.gov/authorities/subjects/sh85095181 | |
| 655 | 7 | |a Electronic books. |2 local | |
| 700 | 1 | |a Alenin, Andrey S., |e author. |0 http://id.loc.gov/authorities/names/no2017049284 | |
| 710 | 2 | |a Society of Photo-optical Instrumentation Engineers, |e publisher. |0 http://id.loc.gov/authorities/names/n78088934 | |
| 776 | 0 | 8 | |i Print version: |z 9781628415476 |
| 830 | 0 | |a SPIE Digital Library. | |
| 830 | 0 | |a SPIE field guides ; |v FG35. |0 http://id.loc.gov/authorities/names/n2003017822 | |
| 856 | 4 | 0 | |u http://proxy.library.tamu.edu/login?url=https://dx.doi.org/10.1117/3.1002932 |z Connect to the full text of this electronic book |t 0 |
| 999 | f | f | |s 5cb2b30d-c5a5-3713-990a-5ed8f8a006ac |i db924c36-9298-37e7-92cf-7c71277ba574 |t 0 |
| 952 | f | f | |a Texas A&M University |b College Station |c Electronic Resources |d Available Online |t 0 |e QC355.3 .T96 2015eb |h Library of Congress classification |
| 998 | f | f | |a QC355.3 .T96 2015eb |t 0 |l Available Online |